000 00426nam a2200157Ia 4500
008 100122s9999 xx 000 0 und d
082 _b35528
_a370.1
100 _aADAMS JOHN
245 _aTHE EVOLUTION OF EDUCATIONAL THEORY
250 _a0
260 _bDREAMLAND PUBLICATIONS
_c1905
300 _a410
630 _aTHE EVOLUTION OF EDUCATIONAL THEORY
730 _aTHE EVOLUTION OF EDUCATIONAL THEORY
942 _cBOOK
999 _c371201
_d371198